000 00927nam a2200289Ia 4500
003 OSt
005 20221007124516.0
006 a|||||r|||| 00| 0
007 ta
008 221006b |||||||| |||| 00| 0 eng d
020 _a9780470853481 (pbk)
024 _a190184
037 _b3528, 14/03/2014, Educational Book Agency (India)
_cTextual
040 _aCDL
_cCDL
_beng
041 _2eng
_aeng
082 _aE:218, P9;2-;4 Carc
100 _aWillock David J
245 0 _aMolecular symmetry
260 _aWest
_bSussex Wiley
_c2009
300 _axii; 426p.
_ccm.
500 _aInclude bibliographical references.; Index 415-426p.
650 _a Molecular symmentry
_9719449
650 _a Symmetry elements
_9719450
650 _aChemistry
942 _hE:218, P9;2-;4 Carc
_cTEXL
_2CC
999 _c1213639
_d1213639